| 000 | 00647 a2200229 4500 | ||
|---|---|---|---|
| 001 | 109988 | ||
| 020 | _a9781425807368 (pbk.) | ||
| 041 | _apor | ||
| 090 | _aPL 371 CON | ||
| 100 | _aConklin, Wendy. | ||
| 250 | _a. ed. | ||
| 300 | _a168 p. | ||
| 697 | _aMixed ability grouping in education. | ||
| 697 | _aTeaching - Aids and devices. | ||
| 697 | _aAbility grouping in education. | ||
| 697 | _aIndividualized instruction. | ||
| 856 | _u000017/00001703.jpg | ||
| 040 |
_aBR-BrIDEA _cBR-BrIDEA |
||
| 245 | 1 | 0 |
_aActivities for a differentiated classroom. Level 4 _c Wendy Conklin |
| 260 |
_a[S.l.] _bShell Education _c2011 |
||
| 942 | _cBK | ||
| 999 |
_c109988 _d109988 |
||